[Event "BL 9192 Hannover-Koblenz"]
[Site "?"]
[Date "1992.??.??"]
[Round "?.5"]
[White "Wolf, V."]
[Black "Behrens, H."]
[Result "1-0"]
[WhiteElo "2320"]
[BlackElo "2305"]
[PlyCount "95"]
[EventDate "1992.??.??"]

1. e4 e6 2. d4 d5 3. Nc3 Bb4 4. e5 Qd7 5. Bd2 Bxc3 6. Bxc3 b6 7. Nh3 Ba6 8.
Bxa6 Nxa6 9. Qe2 Nb8 10. Nf4 Nc6 11. Nh5 g6 12. Nf4 h5 13. O-O-O O-O-O 14. f3
h4 15. g4 hxg3 16. hxg3 Nge7 17. g4 Rdg8 18. Nh3 Qe8 19. Ng5 Rxh1 20. Rxh1 Rh8
21. Rxh8 Qxh8 22. Nxf7 Qh1+ 23. Kd2 g5 24. Nxg5 Ng6 25. Nxe6 Kd7 26. f4 Qh6 27.
Qe3 Qh2+ 28. Kd3 Qg2 29. f5 Qxg4 30. fxg6 Qxg6+ 31. Kd2 Kxe6 32. b3 b5 33. a3
a5 34. Kc1 a4 35. Qh3+ Ke7 36. bxa4 bxa4 37. Qc8 Qg1+ 38. Kb2 Nxd4 39. Bb4+ Kf7
40. Qxc7+ Ke6 41. Qd6+ Kf5 42. Qxd5 Ne6 43. Bd6 Qb6+ 44. Ka2 Nf4 45. Qf7+ Ke4
46. Qc4+ Kf5 47. Qxa4 Ne2 48. Qc4 1-0

[Event "BL 9192 HSK-Porz"]
[Site "?"]
[Date "1992.??.??"]
[Round "?.1"]
[White "Christiansen, L."]
[Black "Wahls, M."]
[Result "1-0"]
[WhiteElo "2595"]
[BlackElo "2570"]
[PlyCount "113"]
[EventDate "1992.??.??"]

1. d4 Nf6 2. Nf3 g6 3. g3 Bg7 4. Bg2 O-O 5. O-O c6 6. c4 d6 7. Nc3 Bf5 8. b3
Ne4 9. Bb2 Nxc3 10. Bxc3 Be4 11. Rc1 Nd7 12. e3 e6 13. Qe2 Qe7 14. Rfd1 Rfd8
15. Bf1 c5 16. Bg2 Nf6 17. dxc5 dxc5 18. Qb2 Ne8 19. Bxg7 Nxg7 20. h3 Ne8 21.
Qe5 Bc6 22. Ng5 Bxg2 23. Kxg2 b6 24. Ne4 f6 25. Qf4 Kg7 26. g4 Rxd1 27. Rxd1
Rd8 28. Qf3 Rxd1 29. Qxd1 Qb7 30. f3 Qe7 31. Qd3 f5 32. Nf2 Kf7 33. Qc3 Qf6 34.
Qd2 Ke7 35. e4 f4 36. h4 h6 37. g5 hxg5 38. Ng4 Qd4 39. Qxd4 cxd4 40. hxg5 Kd6
41. b4 e5 42. c5+ bxc5 43. bxc5+ Kxc5 44. Nxe5 Kb4 45. Nxg6 a5 46. Nxf4 a4 47.
Nd5+ Ka3 48. f4 Kxa2 49. f5 Kb3 50. f6 Nd6 51. g6 a3 52. g7 a2 53. g8=Q a1=Q
54. Qb8+ Kc4 55. Qxd6 Qb2+ 56. Kf3 d3 57. Ne3+ 1-0

[Event "BL 9192 HSK-Porz"]
[Site "?"]
[Date "1992.??.??"]
[Round "?.2"]
[White "Shirov, A."]
[Black "Lutz, C."]
[Result "1/2-1/2"]
[WhiteElo "2655"]
[BlackElo "2540"]
[PlyCount "59"]
[EventDate "1992.??.??"]

1. d4 Nf6 2. c4 e6 3. Nc3 Bb4 4. f3 d5 5. a3 Bxc3+ 6. bxc3 c5 7. cxd5 Nxd5 8.
Qd3 O-O 9. e4 Ne7 10. f4 b6 11. Qe3 Bb7 12. Nf3 Qc8 13. Bd2 f5 14. Bd3 fxe4 15.
Bxe4 Bxe4 16. Qxe4 Qc6 17. Qe2 Nd7 18. O-O Nd5 19. Ng5 Rae8 20. Rae1 cxd4 21.
cxd4 h6 22. Nxe6 Nc7 23. d5 Qxd5 24. Nxc7 Rxe2 25. Nxd5 Rxd2 26. Rd1 Rxd1 27.
Rxd1 Nc5 28. Kf2 Re8 29. Kf3 Re4 30. Rd3 1/2-1/2

[Event "BL 9192 HSK-Porz"]
[Site "?"]
[Date "1992.??.??"]
[Round "?.5"]
[White "Hickl, J."]
[Black "Michaelsen, N."]
[Result "1/2-1/2"]
[WhiteElo "2515"]
[BlackElo "2385"]
[PlyCount "73"]
[EventDate "1992.??.??"]

1. e4 c5 2. Nc3 Nc6 3. f4 g6 4. Nf3 Bg7 5. Bb5 Nd4 6. O-O e6 7. e5 Ne7 8. Nxd4
cxd4 9. Ne4 O-O 10. b3 f5 11. exf6 Bxf6 12. Nxf6+ Rxf6 13. Bb2 Qb6 14. Qe2 d6
15. a4 a6 16. Bc4 Bd7 17. a5 Qc5 18. Qf2 Nc6 19. Ba3 Qxa5 20. Bxd6 Qf5 21. Qh4
Rf7 22. Bd3 Qd5 23. Ba3 Re8 24. Rae1 Qa5 25. Bd6 Qxd2 26. Qg5 Qa5 27. f5 Rg7
28. Bc7 gxf5 29. Qxg7+ Kxg7 30. Bxa5 Nxa5 31. Rf3 Nc6 32. Rg3+ Kf6 33. Rh3 Re7
34. g4 Rg7 35. Kf2 Ne5 36. gxf5 Ng4+ 37. Ke2 1/2-1/2

[Event "BL 9192 HSK-Porz"]
[Site "?"]
[Date "1992.??.??"]
[Round "?.6"]
[White "Reefschlaeger, H."]
[Black "Knaak, R."]
[Result "1/2-1/2"]
[WhiteElo "2400"]
[BlackElo "2505"]
[PlyCount "92"]
[EventDate "1992.??.??"]

1. e4 e6 2. g3 d5 3. Nc3 Nf6 4. Bg2 b6 5. e5 Nfd7 6. f4 Nc6 7. Nf3 Ba6 8. d3 b5
9. O-O b4 10. Ne2 Bc5+ 11. Kh1 Ne7 12. Ned4 g6 13. a3 bxa3 14. b3 Nb8 15. Bxa3
Bxa3 16. Rxa3 c5 17. Ne2 Qb6 18. Qd2 Nbc6 19. Nc3 Rc8 20. Rfa1 Bb5 21. Nd1 a5
22. Ne3 Rd8 23. Ng4 Kf8 24. Nf6 Kg7 25. g4 c4 26. d4 h5 27. gxh5 Nf5 28. c3
cxb3 29. Rxb3 Qa6 30. Qf2 Bd3 31. hxg6 fxg6 32. Ng5 Nce7 33. Rba3 Rb8 34. Bh3
Rb5 35. Rg1 Qc6 36. Bf1 Bxf1 37. Qxf1 Rb2 38. h3 a4 39. Qd1 Ra8 40. Qf3 Ra6 41.
Nh5+ Kf8 42. Ng3 Rb3 43. Nxf5 Nxf5 44. Nh7+ Ke7 45. Rga1 Qb5 46. Qg2 Qd3
1/2-1/2

[Event "BL 9192 HSK-Porz"]
[Site "?"]
[Date "1992.??.??"]
[Round "?.7"]
[White "Vogt, L."]
[Black "Heinemann, T."]
[Result "1/2-1/2"]
[WhiteElo "2515"]
[BlackElo "2395"]
[PlyCount "59"]
[EventDate "1992.??.??"]

1. e4 c5 2. Nf3 d6 3. d4 cxd4 4. Nxd4 Nf6 5. Nc3 a6 6. a4 e5 7. Nf3 Qc7 8. Bg5
Nbd7 9. Nd2 h6 10. Bh4 g5 11. Bg3 Nc5 12. Bc4 Be6 13. Qe2 Rc8 14. Nd5 Nxd5 15.
Bxd5 f5 16. f3 Bxd5 17. exd5 Nd7 18. c4 Bg7 19. a5 O-O 20. O-O e4 21. fxe4 f4
22. Bf2 Bxb2 23. Rab1 Bg7 24. h4 Ne5 25. hxg5 hxg5 26. Nf3 Qxc4 27. Qxc4 Nxc4
28. Rxb7 Nxa5 29. Rd7 g4 30. Bd4 1/2-1/2

[Event "BL 9192 HSK-Porz"]
[Site "?"]
[Date "1992.??.??"]
[Round "?.8"]
[White "Sievers, S."]
[Black "Uhlmann, W."]
[Result "1-0"]
[WhiteElo "2365"]
[BlackElo "2495"]
[PlyCount "97"]
[EventDate "1992.??.??"]

1. e4 e6 2. d4 d5 3. Nc3 Bb4 4. e5 Ne7 5. a3 Bxc3+ 6. bxc3 c5 7. Qg4 O-O 8. Bd3
Nbc6 9. Qh5 Ng6 10. Nf3 Qc7 11. Ng5 h6 12. Nxf7 Qxf7 13. Qxg6 Qxg6 14. Bxg6
cxd4 15. cxd4 Nxd4 16. Be3 Nc6 17. f4 Bd7 18. O-O b6 19. Bd3 Rac8 20. c4 Ne7
21. Rfc1 Bc6 22. g3 Bb7 23. cxd5 Nxd5 24. Bd2 Rxc1+ 25. Rxc1 Rc8 26. Rxc8+ Bxc8
27. h4 Nc7 28. Bb4 Bd7 29. h5 Bb5 30. Be4 Be2 31. Bg6 Nd5 32. Bd6 a5 33. Kf2
Bc4 34. Kf3 b5 35. f5 exf5 36. e6 Nf6 37. Bf7+ Kh8 38. Kf4 b4 39. axb4 axb4 40.
Kxf5 b3 41. Ba3 Nd5 42. Ke5 Ne3 43. Bg6 Bb5 44. Bb4 b2 45. Bc3 Ba4 46. e7 Nd1
47. Bd4 Kg8 48. Kd6 Bb5 49. Kc7 1-0

[Event "BL 9192 Koblenz-HSK"]
[Site "?"]
[Date "1992.??.??"]
[Round "?.1"]
[White "Wahls, M."]
[Black "Rozentalis, E."]
[Result "1/2-1/2"]
[WhiteElo "2570"]
[BlackElo "2585"]
[PlyCount "71"]
[EventDate "1992.??.??"]

1. e4 e5 2. Nf3 Nf6 3. Nxe5 d6 4. Nf3 Nxe4 5. d4 d5 6. Bd3 Bd6 7. O-O O-O 8. c4
c6 9. Nc3 Nxc3 10. bxc3 Bg4 11. cxd5 cxd5 12. Rb1 b6 13. Rb5 Bc7 14. h3 a6 15.
hxg4 axb5 16. Qc2 g6 17. Bh6 Re8 18. Bxb5 Re4 19. c4 Rxg4 20. cxd5 Bf4 21. Ne5
Rh4 22. Bxf4 Rxf4 23. Qc4 Kg7 24. Rc1 Ra3 25. Rc2 Re4 26. Qb4 Ra5 27. a4 Na6
28. Qb1 Qxd5 29. Bc6 Qxd4 30. Nf3 Qd3 31. Qb2+ Kh6 32. Qc1+ Kg7 33. Qb2+ Kh6
34. Qc1+ Kg7 35. Qb2+ Kh6 36. Qc1+ 1/2-1/2

[Event "BL 9192 Koblenz-HSK"]
[Site "?"]
[Date "1992.??.??"]
[Round "?.3"]
[White "Mueller, Ka"]
[Black "Seul, G."]
[Result "1/2-1/2"]
[WhiteElo "2460"]
[BlackElo "2415"]
[PlyCount "56"]
[EventDate "1992.??.??"]

1. e4 g6 2. d4 d6 3. Nc3 Bg7 4. Nge2 Nc6 5. d5 Ne5 6. f4 Nd7 7. Be3 Ngf6 8. Nd4
O-O 9. Be2 Nb6 10. O-O Bd7 11. a4 a5 12. Bf3 c6 13. Qe2 Rc8 14. dxc6 bxc6 15.
Nb3 Ra8 16. Rfe1 Qc7 17. Bf2 Bc8 18. e5 Nfd5 19. Nxd5 Nxd5 20. exd6 exd6 21.
Bxd5 cxd5 22. Bd4 Bf5 23. Bxg7 Kxg7 24. Nd4 Be4 25. Qd2 Rab8 26. c3 Qb6 27. Re2
Rb7 28. Kh1 Rfb8 1/2-1/2

[Event "BL 9192 Koblenz-HSK"]
[Site "?"]
[Date "1992.??.??"]
[Round "?.4"]
[White "Brueckner, T."]
[Black "Maus, So"]
[Result "1/2-1/2"]
[WhiteElo "2405"]
[BlackElo "2385"]
[PlyCount "126"]
[EventDate "1992.??.??"]

1. Nf3 Nf6 2. c4 c5 3. Nc3 e6 4. g3 a6 5. Bg2 Qc7 6. O-O Be7 7. b3 O-O 8. Bb2
d6 9. d4 cxd4 10. Nxd4 Nbd7 11. Rc1 Re8 12. e3 Nf8 13. Qe2 Bd7 14. e4 Ng6 15.
Kh1 Rac8 16. f4 Bf8 17. Rce1 Qc5 18. e5 Qxd4 19. exf6 Qxf6 20. Bxb7 Rb8 21. Bg2
Qd8 22. Qd2 Qc7 23. f5 exf5 24. Nd5 Qd8 25. Rxe8 Qxe8 26. Re1 Qc8 27. Qf2 Be6
28. Qa7 h5 29. Nc7 Ne7 30. Nxe6 fxe6 31. Qd4 Qd7 32. Qh4 a5 33. Qxh5 a4 34. Qf3
e5 35. Rd1 e4 36. Qe3 Qe6 37. Ba3 Ng6 38. Bh3 axb3 39. axb3 Ne5 40. Qxe4 Rxb3
41. Bxf5 Qf6 42. Rf1 Kh8 43. Bh3 Rf3 44. Rxf3 Nxf3 45. Bb2 Qxb2 46. Qxf3 Qc1+
47. Bf1 Be7 48. Kg2 Qb2+ 49. Be2 g6 50. h4 Qe5 51. Bd3 Kg7 52. Qg4 Qb2+ 53. Kh3
Qf6 54. h5 Qg5 55. Bxg6 Qxg4+ 56. Kxg4 Kf6 57. Kf4 Bf8 58. Ke4 Bh6 59. Kd5 Ke7
60. g4 Bc1 61. Bc2 Bd2 62. Bb3 Bc1 63. c5 dxc5 1/2-1/2

[Event "BL 9192 Koblenz-HSK"]
[Site "?"]
[Date "1992.??.??"]
[Round "?.5"]
[White "Michaelsen, N."]
[Black "Wolf, V."]
[Result "1-0"]
[WhiteElo "2385"]
[BlackElo "2320"]
[PlyCount "87"]
[EventDate "1992.??.??"]

1. d4 e6 2. c4 Nf6 3. Nc3 Bb4 4. Qc2 Nc6 5. Nf3 d6 6. Bd2 O-O 7. a3 Bxc3 8.
Bxc3 a5 9. e3 Qe7 10. Be2 e5 11. dxe5 dxe5 12. O-O a4 13. h3 h6 14. Rad1 Re8
15. Rd2 Qc5 16. Rfd1 Be6 17. Bf1 b5 18. cxb5 Bb3 19. Qf5 Bxd1 20. Rxd1 Ne7 21.
Qxe5 Ned5 22. Qd4 Qe7 23. Qc4 Nxc3 24. Qxc3 Ne4 25. Qc2 Qc5 26. Rc1 Qxc2 27.
Rxc2 Re7 28. Nd4 Nd6 29. Rc6 Rd7 30. Be2 g6 31. Bg4 f5 32. Bf3 Rb8 33. Rc5 Kh7
34. Bd1 Ra8 35. g4 f4 36. Bf3 Ra5 37. exf4 Ne4 38. Bxe4 Rxd4 39. Rxc7+ Kh8 40.
Bc6 Rd2 41. b6 Rxb2 42. b7 Rc5 43. Rc8+ Kg7 44. Be8 1-0

[Event "BL 9192 Koblenz-HSK"]
[Site "?"]
[Date "1992.??.??"]
[Round "?.7"]
[White "Heinemann, T."]
[Black "Fritsche, L."]
[Result "1/2-1/2"]
[WhiteElo "2395"]
[BlackElo "2395"]
[PlyCount "95"]
[EventDate "1992.??.??"]

1. e4 d6 2. d4 Nf6 3. Nc3 g6 4. f4 Bg7 5. Nf3 O-O 6. Bd3 Na6 7. O-O c5 8. d5
Rb8 9. Qe2 Nc7 10. a4 Re8 11. Bc4 e6 12. dxe6 Bxe6 13. Rd1 Qe7 14. e5 dxe5 15.
Nxe5 Nh5 16. Nf3 Rbd8 17. Re1 Qd6 18. Ne4 Bd4+ 19. Kh1 Bxc4 20. Qxc4 Qc6 21.
Neg5 Qd5 22. Qxd5 Nxd5 23. g3 Bf2 24. Rxe8+ Rxe8 25. Bd2 Re2 26. Nh3 Nhf6 27.
Nhg1 Bxg1 28. Kxg1 Ne4 29. Re1 Rxe1+ 30. Bxe1 Ne3 31. Nd2 Nxd2 32. Bxd2 Nxc2
33. Kf2 Kf8 34. Bc3 Ke7 35. Ke2 Kd6 36. Kd3 Nb4+ 37. Bxb4 cxb4 38. Kc4 Kc6 39.
Kxb4 Kd5 40. a5 Kd4 41. Kb5 Kd5 42. a6 b6 43. g4 f6 44. g5 f5 45. b4 Kd6 46.
Kc4 Kc6 47. b5+ Kd6 48. Kd4 1/2-1/2

[Event "BL 9192 Koblenz-HSK"]
[Site "?"]
[Date "1992.??.??"]
[Round "?.8"]
[White "Weidemann, J."]
[Black "Sievers, S."]
[Result "0-1"]
[WhiteElo "2305"]
[BlackElo "2365"]
[PlyCount "104"]
[EventDate "1992.??.??"]

1. e4 c5 2. b3 Nf6 3. e5 Nd5 4. Bb2 Nc6 5. Nf3 Nf4 6. g3 Ne6 7. h4 h5 8. c3 d5
9. d4 g6 10. Bg2 cxd4 11. cxd4 Ng7 12. Ng5 Bf5 13. Nc3 e6 14. O-O Be7 15. Bc1
Rc8 16. Bf4 Qa5 17. Na4 b5 18. Nc5 Nxd4 19. Nb7 Qc3 20. Bd2 Qd3 21. Nd6+ Bxd6
22. exd6 O-O 23. d7 Rc2 24. Ba5 Nc6 25. Bc7 f6 26. Nh3 Kf7 27. Qxd3 Bxd3 28.
Rfd1 Bf5 29. Rac1 Ke7 30. d8=Q+ Nxd8 31. Rxc2 Bxc2 32. Rc1 Bf5 33. Bb8 Ne8 34.
Bxa7 Kd7 35. Nf4 Nc6 36. Bc5 Nd6 37. Bf1 Rb8 38. f3 b4 39. Rd1 Nb5 40. Rd2 Nc3
41. Bd3 Bxd3 42. Nxd3 e5 43. Bf2 Ra8 44. Nc1 Kd6 45. Kf1 d4 46. Be1 f5 47. Rf2
Kd5 48. Rc2 e4 49. a4 d3 50. Rd2 Ne5 51. fxe4+ fxe4 52. Kf2 Kd4 0-1

[Event "BL 9192 Porz-Hannover"]
[Site "?"]
[Date "1992.??.??"]
[Round "?.2"]
[White "Lutz, C."]
[Black "Dankert, P."]
[Result "1-0"]
[WhiteElo "2540"]
[BlackElo "2265"]
[PlyCount "53"]
[EventDate "1992.??.??"]

1. e4 c5 2. Nf3 e6 3. d4 cxd4 4. Nxd4 a6 5. Bd3 g6 6. Nc3 Bg7 7. Nb3 d6 8. Be3
Nf6 9. Qd2 O-O 10. Bh6 Nc6 11. h4 b5 12. Bxg7 Kxg7 13. h5 Kg8 14. O-O-O b4 15.
Ne2 a5 16. Kb1 a4 17. Nbd4 Nxd4 18. Nxd4 Qb6 19. hxg6 fxg6 20. Nf3 Ra7 21. Rh4
Rc7 22. e5 Nd5 23. Rdh1 Rg7 24. Qg5 Ne7 25. Rxh7 Rxh7 26. Rxh7 Kxh7 27. Qxe7+
1-0

[Event "BL 9192 Porz-Hannover"]
[Site "?"]
[Date "1992.??.??"]
[Round "?.5"]
[White "Behrens, H."]
[Black "Hickl, J."]
[Result "1/2-1/2"]
[WhiteElo "2305"]
[BlackElo "2515"]
[PlyCount "81"]
[EventDate "1992.??.??"]

1. d4 d6 2. Nf3 Nf6 3. c4 Nbd7 4. Nc3 c6 5. h3 e5 6. e4 a6 7. Be3 b5 8. a3 Be7
9. Be2 O-O 10. O-O Re8 11. Qc2 Bb7 12. Rfd1 Qc7 13. Rac1 Rac8 14. Qb1 exd4 15.
Nxd4 Qb8 16. Nf5 Bf8 17. b4 h6 18. Bf4 Ne5 19. Qb3 Rcd8 20. Rd2 Bc8 21. Nd4 Qb7
22. cxb5 axb5 23. Rcd1 Nc4 24. Bxc4 bxc4 25. Qc2 c5 26. bxc5 dxc5 27. Nf3 Rxd2
28. Nxd2 Be6 29. Rb1 Qd7 30. Nb5 Qd3 31. Rc1 Bd7 32. Nc7 Rd8 33. Qxc4 Qxa3 34.
e5 Nh5 35. Be3 Qa5 36. e6 Qxc7 37. exd7 Nf6 38. Bxc5 Rxd7 39. Bxf8 Qxc4 40.
Nxc4 Kxf8 41. Ne3 1/2-1/2

[Event "BL 9192 Dortmund-München 36"]
[Site "?"]
[Date "1992.??.??"]
[Round "?.1"]
[White "Smejkal, J."]
[Black "Dolmatov, S."]
[Result "1/2-1/2"]
[WhiteElo "2535"]
[BlackElo "2595"]
[PlyCount "51"]
[EventDate "1992.??.??"]

1. Nf3 f5 2. g3 Nf6 3. Bg2 d6 4. d4 g6 5. b3 Bg7 6. Bb2 O-O 7. O-O c6 8. c4 a5
9. Nc3 Na6 10. e3 Qc7 11. d5 e5 12. dxe6 Bxe6 13. Ng5 Bd7 14. Qc2 Nc5 15. Rad1
Rad8 16. Ba1 Bc8 17. a3 h6 18. Nf3 Rfe8 19. b4 axb4 20. axb4 Nce4 21. Nxe4 Nxe4
22. Bxg7 Qxg7 23. Rd3 Be6 24. Nd4 Bf7 25. Rfd1 Qf6 26. Nb3 1/2-1/2

[Event "BL 9192 Dortmund-München 36"]
[Site "?"]
[Date "1992.??.??"]
[Round "?.2"]
[White "Razuvaev, Y."]
[Black "Stohl, I."]
[Result "1-0"]
[WhiteElo "2575"]
[BlackElo "2560"]
[PlyCount "137"]
[EventDate "1992.??.??"]

1. c4 e5 2. Nc3 Nf6 3. Nf3 Nc6 4. g3 d5 5. cxd5 Nxd5 6. Bg2 Nb6 7. O-O Be7 8.
a3 O-O 9. d3 Be6 10. b4 Nd4 11. Bb2 Nxf3+ 12. Bxf3 c6 13. Ne4 Nd7 14. Bc3 Bd5
15. Nd2 Bxf3 16. Nxf3 Bd6 17. e4 Re8 18. Nh4 g6 19. Nf3 Qe7 20. Re1 Rad8 21.
Qb3 a6 22. Rad1 c5 23. b5 axb5 24. Qxb5 b6 25. Nd2 Bc7 26. Nc4 Qe6 27. Kg2 h5
28. h4 Nf6 29. a4 Re7 30. Rd2 Red7 31. Red1 Ne8 32. Ne3 Nf6 33. f3 Kh7 34. Nc4
Ne8 35. Qb2 Re7 36. Rb1 Red7 37. Qc2 Ra8 38. Rb5 Nd6 39. Nxb6 Nxb5 40. Nxa8
Nxc3 41. Nxc7 Rxc7 42. Qxc3 c4 43. Rc2 cxd3 44. Qxc7 dxc2 45. Qxc2 Qa6 46. Qa2
Kg7 47. a5 Kg8 48. Kf2 Kg7 49. Qd5 f6 50. f4 Qa7+ 51. Ke2 Qa6+ 52. Kd2 exf4 53.
gxf4 Qf1 54. Qb7+ Kh6 55. a6 Qxf4+ 56. Kd3 Qd6+ 57. Kc4 Qe6+ 58. Kb5 Qe5+ 59.
Kb6 Qd6+ 60. Qc6 Qb4+ 61. Kc7 Qd4 62. Kb7 Qb4+ 63. Kc8 Qd4 64. Qb7 Qc4+ 65. Kd8
f5 66. a7 Qd4+ 67. Ke8 Qh8+ 68. Kd7 Qd4+ 69. Ke6 1-0

[Event "BL 9192 Dortmund-München 36"]
[Site "?"]
[Date "1992.??.??"]
[Round "?.3"]
[White "Gruenberg, HU."]
[Black "Schmittdiel, E."]
[Result "1/2-1/2"]
[WhiteElo "2510"]
[BlackElo "2485"]
[PlyCount "80"]
[EventDate "1992.??.??"]

1. d4 Nf6 2. c4 e6 3. Nf3 Bb4+ 4. Bd2 c5 5. Bxb4 cxb4 6. g3 O-O 7. Bg2 d6 8.
Nbd2 Qc7 9. O-O Nbd7 10. Qb3 a5 11. a3 bxa3 12. Qxa3 b6 13. Ne5 Ra6 14. Nd3 e5
15. e3 Re8 16. Rfc1 exd4 17. exd4 Nf8 18. Nf4 Qd8 19. Nd5 Ra7 20. Nxf6+ Qxf6
21. Ne4 Qxd4 22. Rd1 Qe5 23. Rd5 Qe7 24. Nxd6 Rd8 25. Nxc8 Rxc8 26. Qxe7 Rxe7
27. Rb5 Rxc4 28. Rxb6 Rc2 29. Bf1 Re5 30. Bd3 Rd2 31. Bc4 g6 32. b3 Ne6 33.
Bxe6 fxe6 34. Rc1 Ree2 35. Rc7 Rxf2 36. Rb8+ Rf8 37. Rbb7 Rd1+ 38. Kg2 Rd2+ 39.
Kg1 Rd1+ 40. Kg2 Rd2+ 1/2-1/2

[Event "BL 9192 Dortmund-München 36"]
[Site "?"]
[Date "1992.??.??"]
[Round "?.4"]
[White "Mainka, R."]
[Black "Enders, P."]
[Result "1-0"]
[WhiteElo "2455"]
[BlackElo "2475"]
[PlyCount "83"]
[EventDate "1992.??.??"]

1. e4 c5 2. Nf3 d6 3. d4 cxd4 4. Nxd4 Nf6 5. Nc3 e6 6. Be2 Be7 7. O-O O-O 8. f4
Nc6 9. Be3 Bd7 10. Nb3 a6 11. a4 b6 12. Qe1 Qc7 13. Qf2 Rfb8 14. Bf3 Be8 15. g4
Nd7 16. g5 Nc5 17. Bg2 Na5 18. Nd4 Nc6 19. Nxc6 Qxc6 20. f5 b5 21. f6 Bf8 22.
e5 d5 23. fxg7 Kxg7 24. Qh4 Nd7 25. Kh1 bxa4 26. Rf3 Bc5 27. g6 fxg6 28. Raf1
Kg8 29. Bxc5 Qxc5 30. Nxa4 Rb4 31. Nxc5 Rxh4 32. Nxe6 h6 33. R3f2 Rc8 34. Bxd5
Nxe5 35. Nf4+ Kh7 36. Re2 Bb5 37. Rxe5 h5 38. Rf2 Rd8 39. c4 Ba4 40. Ne6 Rb8
41. Ng5+ Kh6 42. Rf7 1-0

[Event "BL 9192 Dortmund-München 36"]
[Site "?"]
[Date "1992.??.??"]
[Round "?.5"]
[White "Bastian, H."]
[Black "Keitlinghaus, L."]
[Result "0-1"]
[WhiteElo "2330"]
[BlackElo "2440"]
[PlyCount "72"]
[EventDate "1992.??.??"]

1. e4 e5 2. Nf3 Nc6 3. Bc4 Bc5 4. c3 Nf6 5. d3 d6 6. Bb3 O-O 7. Nbd2 a6 8. O-O
Ba7 9. Nc4 Ne7 10. Re1 Ng6 11. Be3 b5 12. Ncd2 Bxe3 13. Rxe3 d5 14. d4 exd4 15.
cxd4 dxe4 16. Nxe4 Nxe4 17. Rxe4 Bb7 18. d5 c5 19. dxc6 Bxc6 20. Rd4 Qf6 21.
Rd3 Rfd8 22. Rc1 Nf4 23. Rxc6 Rxd3 24. Qc2 Qe7 25. Rc7 Rd1+ 26. Qxd1 Qxc7 27.
Ng5 Ne6 28. Nxe6 fxe6 29. Bxe6+ Kh8 30. g3 Qe5 31. Qb3 Rf8 32. f4 Qe1+ 33. Kg2
Qe4+ 34. Kh3 Rf6 35. Bd5 Rh6+ 36. Kg4 Qe2+ 0-1

[Event "BL 9192 Dortmund-München 36"]
[Site "?"]
[Date "1992.??.??"]
[Round "?.6"]
[White "Thesing, M."]
[Black "Ruf, M."]
[Result "1-0"]
[WhiteElo "2415"]
[BlackElo "2395"]
[PlyCount "79"]
[EventDate "1992.??.??"]

1. e4 e6 2. d4 d5 3. exd5 exd5 4. Nf3 Nf6 5. Bd3 Bd6 6. O-O O-O 7. h3 Nbd7 8.
c4 dxc4 9. Bxc4 Nb6 10. Bb3 Nfd5 11. Nc3 c6 12. Bc2 Re8 13. a3 Bf4 14. Re1 Be6
15. Qd3 g6 16. Bxf4 Nxf4 17. Qd2 Nbd5 18. Nxd5 Nxd5 19. Re5 f6 20. Re4 Nc7 21.
Rae1 Qd7 22. Qf4 Kg7 23. Qd2 Bd5 24. Rxe8 Rxe8 25. Rxe8 Nxe8 26. Nh2 Nc7 27.
Ng4 g5 28. Qd3 Bg8 29. Ne3 Kh8 30. Nf5 Be6 31. Nd6 Nd5 32. g3 Bxh3 33. Qe4 Be6
34. Nc4 Bg8 35. b4 Qe6 36. Qd3 Nxb4 37. axb4 Qxc4 38. Qe4 Qxb4 39. Qe8 Qxd4 40.
Bb3 1-0

[Event "BL 9192 Dortmund-München 36"]
[Site "?"]
[Date "1992.??.??"]
[Round "?.7"]
[White "Roese, O."]
[Black "Luecke, N."]
[Result "0-1"]
[WhiteElo "2375"]
[BlackElo "2395"]
[PlyCount "58"]
[EventDate "1992.??.??"]

1. e4 c5 2. Nf3 Nc6 3. d4 cxd4 4. Nxd4 Qb6 5. Nb3 Nf6 6. Nc3 e6 7. Bd3 Be7 8.
O-O a6 9. Be3 Qc7 10. f4 d6 11. Qf3 O-O 12. Rae1 b5 13. g4 Bb7 14. g5 Nd7 15.
Qh3 Nb4 16. a3 Nxd3 17. cxd3 Nc5 18. Nc1 d5 19. exd5 Rad8 20. d4 Na4 21. Nxa4
bxa4 22. dxe6 Qc6 23. exf7+ Rxf7 24. Nd3 Bxg5 25. Ne5 Qh1+ 26. Kf2 Qe4 27. Nxf7
Bh4+ 28. Ke2 Qc2+ 29. Bd2 Kxf7 0-1

[Event "BL 9192 Dortmund-München 36"]
[Site "?"]
[Date "1992.??.??"]
[Round "?.8"]
[White "Buecker, S."]
[Black "Reich, T."]
[Result "1-0"]
[WhiteElo "2365"]
[BlackElo "2350"]
[PlyCount "73"]
[EventDate "1992.??.??"]

1. e4 d6 2. d4 Nf6 3. Nc3 g6 4. Be3 c6 5. Qd2 b5 6. f3 Qc7 7. Bd3 a6 8. a4 b4
9. Nd1 a5 10. Ne2 e5 11. O-O Bg7 12. c3 bxc3 13. bxc3 O-O 14. Nf2 Nbd7 15. f4
Ba6 16. c4 exd4 17. Bxd4 Nc5 18. Bxc5 dxc5 19. e5 Nd7 20. h4 Rfd8 21. h5 Nb6
22. Qc2 Rxd3 23. Nxd3 Nxc4 24. Rf3 Rd8 25. Ng3 Nd2 26. Qxd2 c4 27. Ne4 cxd3 28.
Rc1 Qb6+ 29. Kh2 Qb4 30. Qe3 Rd4 31. Ng5 d2 32. Rd1 Rd3 33. Qa7 Rxf3 34. Qxf7+
Kh8 35. gxf3 Bc4 36. e6 Bb3 37. h6 1-0

[Event "BL 9192 Solingen-Bayern"]
[Site "?"]
[Date "1992.??.??"]
[Round "?.2"]
[White "Chandler, M."]
[Black "Ribli, Z."]
[Result "1/2-1/2"]
[WhiteElo "2590"]
[BlackElo "2595"]
[PlyCount "108"]
[EventDate "1992.??.??"]

1. e4 c5 2. Nf3 e6 3. d4 cxd4 4. Nxd4 Nc6 5. c4 Nf6 6. Nc3 Bb4 7. Nxc6 bxc6 8.
Bd3 e5 9. O-O O-O 10. Qe2 d6 11. Na4 c5 12. Rd1 h6 13. Bc2 Qe7 14. Qd3 Rd8 15.
a3 Ba5 16. Rb1 Bb7 17. Qe2 Rac8 18. b4 cxb4 19. axb4 Bb6 20. Nxb6 axb6 21. Bd3
b5 22. cxb5 d5 23. exd5 Nxd5 24. Bd2 Nc3 25. Bxc3 Rxc3 26. Be4 Rxd1+ 27. Rxd1
Bxe4 28. Qxe4 Rb3 29. g3 Rxb4 30. Rd8+ Qxd8 31. Qxb4 Qb6 32. Qb2 e4 33. Qe5 g6
34. Kg2 h5 35. h3 Qa5 36. Qb2 Qb6 37. Qb3 Kf8 38. Qb4+ Kg8 39. Qb3 Kf8 40. Kf1
Kg8 41. Ke2 Kf8 42. Qb2 Kg8 43. Qe5 Kf8 44. Qd5 Kg7 45. Kf1 Kg8 46. Qb3 Kg7 47.
Qb2+ Kf8 48. Kg2 Kg8 49. Qe5 Kf8 50. g4 hxg4 51. hxg4 Kg8 52. g5 Qd8 53. Qc5
Qd3 54. Kh2 Qe2 1/2-1/2

[Event "BL 9192 Solingen-Bayern"]
[Site "?"]
[Date "1992.??.??"]
[Round "?.3"]
[White "Hjartarson, J."]
[Black "Lau, R."]
[Result "1-0"]
[WhiteElo "2580"]
[BlackElo "2480"]
[PlyCount "74"]
[EventDate "1992.??.??"]

1. c4 Nf6 2. Nc3 c5 3. g3 e6 4. Nf3 b6 5. Bg2 Bb7 6. O-O a6 7. Re1 d6 8. e4
Nbd7 9. d4 cxd4 10. Nxd4 Qc7 11. Be3 Rc8 12. Rc1 Qb8 13. b3 Qa8 14. f3 Be7 15.
g4 h6 16. h4 Nh7 17. Bf2 O-O 18. f4 Rfe8 19. g5 hxg5 20. hxg5 g6 21. Qg4 Bf8
22. Re3 Bg7 23. Rh3 Nhf8 24. f5 Ne5 25. Qg3 exf5 26. exf5 Bxg2 27. Qxg2 Qxg2+
28. Kxg2 Nh7 29. Rg3 Nxg5 30. fxg6 f6 31. Nf5 Rc6 32. Nd5 Nxg6 33. Bd4 Bh8 34.
Rf1 Re2+ 35. Kh1 Kh7 36. Bxf6 Nf7 37. Nd4 Bxf6 1-0

[Event "BL 9192 Solingen-Bayern"]
[Site "?"]
[Date "1992.??.??"]
[Round "?.4"]
[White "Mohr, S."]
[Black "Hertneck, G."]
[Result "0-1"]
[WhiteElo "2455"]
[BlackElo "2530"]
[PlyCount "80"]
[EventDate "1992.??.??"]

1. d4 d5 2. c4 c6 3. Nf3 Nf6 4. e3 Bf5 5. cxd5 cxd5 6. Qb3 Qc7 7. Bd2 Nc6 8.
Bb5 e6 9. Bb4 Bd6 10. Qa3 Ke7 11. Bxc6 bxc6 12. Nc3 Nd7 13. Rc1 Rab8 14. Bxd6+
Qxd6 15. Qxd6+ Kxd6 16. Na4 Rhc8 17. b3 c5 18. Nxc5 Nxc5 19. dxc5+ Rxc5 20.
Rxc5 Kxc5 21. Nd4 Bg6 22. Kd2 e5 23. Rc1+ Kd6 24. Nc6 Rb7 25. Na5 Rc7 26. Rxc7
Kxc7 27. b4 f6 28. Nb3 Kb6 29. f4 Kb5 30. Kc3 Bf7 31. Na5 d4+ 32. exd4 exf4 33.
Nb7 Bd5 34. Nc5 Bxa2 35. Nd3 g5 36. g3 fxg3 37. hxg3 h5 38. Nf2 Bd5 39. Nh3 Bg2
40. Nf2 f5 0-1

[Event "BL 9192 Solingen-Bayern"]
[Site "?"]
[Date "1992.??.??"]
[Round "?.5"]
[White "Boensch, U."]
[Black "Reeh, O."]
[Result "1-0"]
[WhiteElo "2500"]
[BlackElo "2445"]
[PlyCount "85"]
[EventDate "1992.??.??"]

1. d4 Nf6 2. c4 c5 3. d5 g6 4. Nc3 d6 5. e4 Bg7 6. h3 O-O 7. Nf3 e6 8. Bd3 Na6
9. O-O Nc7 10. Re1 Rb8 11. a4 e5 12. Bg5 h6 13. Be3 Nh7 14. Qd2 h5 15. Ng5 Ne8
16. Nxh7 Kxh7 17. a5 Bd7 18. b4 b6 19. axb6 axb6 20. Ra7 Ra8 21. Rea1 Rxa7 22.
Rxa7 Nc7 23. bxc5 bxc5 24. Qb2 Qc8 25. Qb7 Qxb7 26. Rxb7 Rc8 27. Bxc5 dxc5 28.
d6 Ne6 29. Rxd7 Rd8 30. Rxd8 Nxd8 31. Nd5 Bf8 32. d7 Kg7 33. f4 exf4 34. e5 Kh6
35. Nxf4 Bg7 36. e6 fxe6 37. Nxg6 Kg5 38. h4+ Kf6 39. Nf4 Ke7 40. Nxh5 Be5 41.
g4 Kxd7 42. g5 Ke7 43. Kg2 1-0